000 00220nam a22000857a 4500
999 _c11538
_d11538
008 190531b ||||| |||| 00| 0 eng d
100 _aOswaal
_96700
245 _aPSA Problem Solving Assessment-8
260 _aNew Delhi
_bOswaal